000 00788nam a22002537a 4500
001 4496
003 FISKH
005 20240912102433.0
008 240912b cb ||||| |||| 00| 0 eng d
020 _a0395171954
040 _aFISKH
_beng
_cFISKH
_dFISKH
050 _aPZ7
100 _aHayton, Hillary
245 _aNat's snowman /
_cIllustrated by Hillary Hayton
260 _aBoston :
_bHoughton Miffion Company ;
_c1973.
300 _a16 pages :
_bcolor illustrations ;
_c26 cm .
505 _aJ
520 _aWhen Nat's friend Rod is unable to play in the snow because of his broken leg, Nat takes a snowman to Rod
521 8 _a500
_bLexile
521 8 _aJ
_bRaz-Plus
700 _aHayton, Hillary
_eillustrator
942 _2ddc
_cBK
_n0
999 _c4496
_d4496